000 00400nam a22001577a 4500
999 _c9204
_d9204
003 GBCCL
005 20241126110707.0
008 220531b ||||| |||| 00| 0 eng d
040 _cgbc
082 _a929.1
_bSAI
100 _aSailo, L Z
_916007
245 _aTutenge kan nih ? :
_bPart I /
_cby Capt. L Z Sailo
260 _aChurachandpur :
_bAuthor,
_c1993
300 _a107p. ;
942 _2ddc
_cARCH